| 000 | 00815nam a2200241Ia 4500 | ||
|---|---|---|---|
| 003 | OSt | ||
| 005 | 20220925232108.0 | ||
| 006 | a|||||r|||| 00| 0 | ||
| 007 | ta | ||
| 008 | 220923b |||||||| |||| 00| 0 eng d | ||
| 037 | _cGeneral Book | ||
| 040 |
_aRTL _cRTL _beng |
||
| 041 |
_2eng _aeng |
||
| 082 | _aT9(Y4).73.N6, K9 | ||
| 100 |
_aBurt Samuel M _9296691 |
||
| 245 | 0 |
_aIndustry and community leaders in education _b The state advisory councils on vocational education |
|
| 260 |
_aMichigan _bW E Up John Institute for Employment Research _c1969 |
||
| 300 |
_avii,54p _ccm. |
||
| 490 | _aW E Upjohn Institute for Employment Research, Publication | ||
| 650 |
_aSpecific Group Education _9233065 |
||
| 942 |
_hT9(Y4).73.N6, K9 _cGB _2CC |
||
| 999 |
_c590293 _d590293 |
||